Logo BPK

Biblioteka

Politechniki Koszalińskiej

Advanced expert CAE : (Rekord nr 52473)

Szczegóły MARC
000 -ETYKIETA REKORDU
podpole kontrolne o stałej długości 00749nam a2200265 i 4500
001 - NUMER KONTROLNY REKORDU
pole kontrolne bg
020 ## - MIĘDZYNARODOWY ZNORMALIZOWANY NUMER KSIĄŻKI - ISBN
ISBN 0582823919
020 ## - MIĘDZYNARODOWY ZNORMALIZOWANY NUMER KSIĄŻKI - ISBN
ISBN 9780582823914
040 ## - ŹRÓDŁO KATALOGOWANIA
Instytucja, która utworzyła rekord BPK
041 0# - KOD JĘZYKA
Kod języka tekstu eng
080 ## - UNIWERSALNA KLASYFIKACJA DZIESIĘTNA - UKD
UKD 811.111(07)
920 ## - Międzynarodowy znormalizowany numer książki – ISBN
ISBN 0-582-82391-9
920 ## - Międzynarodowy znormalizowany numer książki – ISBN
ISBN 978-0-582-82391-4
008 - POLE O STAŁEJ DŁUGOŚCI - DANE KONTROLNE
podpole kontrolne o stałej długości s pl f |000 0 pol
100 1# - NAZWA OSOBOWA
Nazwa osobowa BELL, Jan
245 10 - TYTUŁ/ODPOWIEDZIALNOŚĆ
Tytuł Advanced expert CAE :
Ciąg dalszy tytułu coursebook /
Pozostałe elementy strefy tytułu i oznaczenia odpowiedzialności Jan Bell, Roger Gower with Drew Hyde.
260 ## - STREFA ADRESU WYDAWNICZEGO
Miejsce wydania Harlow :
Nazwa wydawcy/dystrybutora Longman :
-- Pearson Education,
Data publikacji, dystrybucji/powstania dokumentu 2005.
300 ## - STREFA OPISU FIZYCZNEGO
Objętość 207 s. :
Inne cechy fizyczne il. ;
Rozmiary 30 cm.
650 #9 - HASŁO PRZEDMIOTOWE W FORMIE NAZWY OGÓLNEJ LUB JEDNOSTKOWEJ
Nazwa ogólna lub geograficzna Język angielski
655 ## - TERMIN INDEKSOWY - OKREŚLENIE RODZAJU/FORMY DOKUMENTU
Określenie rodzaju/formy dokumentu Podręczniki
700 1# - HASŁO DODATKOWE - NAZWA OSOBOWA
Nazwa osobowa GOWER, Roger
700 1# - HASŁO DODATKOWE - NAZWA OSOBOWA
Nazwa osobowa HYDE, Drew
856 ## - LOKALIZACJA I DOSTĘP DO ELEKTRONICZNYCH DOKUMENTÓW ZDALNYCH
Link (URL) http://koha.tu.koszalin.pl/cgi-bin/koha/opac-detail.pl?biblionumber=52473
Tekst linku Katalog online BPK
942 ## - DODATKOWE ELEMENTY (KOHA)
Typ dokumentu Książka
Egzemplarze
Wycofany Status egzemplarza Uszkodzony Dostępność Lokalizacja stała Lokalizacja bieżąca Miejsce przechowywania Sygnatura Kod kreskowy Typ dokumentu
      Dostępny Biblioteka Politechniki Koszalińskiej Biblioteka Politechniki Koszalińskiej Wypożyczalnia BG 80869 02331102 Książka
© 2023 Biblioteka Politechniki Koszalińskiej :: KOHA